000 00501nam a2200181Ia 4500
005 20250326123802.0
008 250326s9999 xx 000 0 und d
037 _aTextbook
040 _aFMSL
_beng
_cFMSL
041 _aeng
_2eng
084 _aS:4 K8
_qFMSL
100 _aStaats A W
_9736094
245 0 _aLearning, language, and cognition
_cStaats A W
260 _aNY Holt
_bNY Holt, Rinehart and Winston
_c1968
300 _a614p
942 _cTB
_hS:4 K8
999 _c1270951
_d1270951